[Event "EU-ch Rapid"]
[Site "Katowice"]
[Date "2021.12.19"]
[Round "10"]
[White "Lewtak, Dominik"]
[Black "Kulon, Klaudia"]
[Result "1/2-1/2"]
[WhiteElo "2165"]
[BlackElo "2335"]
[PlyCount "34"]
[EventDate "2021.12.18"]
[EventType "swiss (rapid)"]
[EventRounds "11"]
[EventCountry "POL"]
[SourceTitle "CBM 205 Extra"]
[Source "ChessBase"]
[SourceDate "2022.01.31"]
[SourceVersion "1"]
[SourceVersionDate "2022.01.31"]
[SourceQuality "1"]

1. e4 e5 2. Nf3 Nc6 3. Bb5 a6 4. Bxc6 dxc6 5. 0-0 f6 6. h3 c5 7. c3 Ne7 8. d3 Nc6 9. Be3 Be6 10. Qc2 Qd7 11. Rd1 Bd6 12. Nbd2 0-0 13. Nb3 Qe7 14. d4 cxd4 15. cxd4 exd4 16. Nbxd4 Nxd4 17. Nxd4 Rfe8 1/2-1/2

[Event "POL-ch blitz"]
[Site "Szczawno Zdroj"]
[Date "2018.12.16"]
[Round "2"]
[White "Dobrowolski, Piotr"]
[Black "Lewtak, Dominik"]
[Result "1/2-1/2"]
[WhiteElo "2419"]
[BlackElo "2179"]
[PlyCount "73"]
[EventDate "2018.12.16"]
[EventType "swiss (blitz)"]
[EventRounds "15"]
[EventCountry "POL"]
[SourceTitle "CBM 187 Extra"]
[Source "ChessBase"]
[SourceDate "2018.11.04"]
[SourceVersion "1"]
[SourceVersionDate "2018.11.04"]
[SourceQuality "1"]

1. e4 e5 2. Nf3 Nc6 3. Bb5 a6 4. Ba4 Nf6 5. 0-0 b5 6. Bb3 Bc5 7. a4 Rb8 8. axb5 axb5 9. Nxe5 Nxe5 10. d4 Bxd4 11. Qxd4 Nc6 12. Qd3 0-0 13. Bg5 h6 14. Bh4 Ne5 15. Qg3 d6 16. f4 Nc4 17. e5 dxe5 18. Bxc4 bxc4 19. fxe5 Qd4+ 20. Qf2 Qxf2+ 21. Bxf2 Ne4 22. Bd4 c5 23. Bc3 Nxc3 24. bxc3 Rb2 25. Na3 Be6 26. Rfb1 Rfb8 27. Rxb2 Rxb2 28. Kf2 Rb8 29. Rd1 Kf8 30. Ke3 Ke7 31. g3 g6 32. Rb1 Ra8 33. Nb5 Rb8 34. Na3 Ra8 35. Nb5 Rb8 36. Na3 Ra8 37. Nb5 1/2-1/2

[Event "Suwalki Warakomska Memorial-A op"]
[Site "Suwalki"]
[Date "2018.08.04"]
[Round "5"]
[White "Lewtak, Dominik"]
[Black "Gumularz, Szymon"]
[Result "0-1"]
[WhiteElo "2164"]
[BlackElo "2461"]
[PlyCount "80"]
[EventDate "2018.08.01"]
[EventType "swiss"]
[EventRounds "9"]
[EventCountry "POL"]
[SourceTitle "CBM 185 Extra"]
[Source "ChessBase"]
[SourceDate "2018.07.29"]
[SourceVersion "1"]
[SourceVersionDate "2018.07.29"]
[SourceQuality "1"]

1. e4 g6 2. d4 Bg7 3. c4 d6 4. Nf3 Bg4 5. Be2 Nc6 6. Be3 e5 7. dxe5 dxe5 8. Qb3 Qc8 9. 0-0 Nf6 10. Nc3 0-0 11. Rfd1 Re8 12. Rac1 Nd7 13. h3 Bxf3 14. Bxf3 h5 15. c5 Nf8 16. g4 h4 17. Ne2 Ne6 18. g5 Ncd4 19. Bxd4 Nxd4 20. Nxd4 exd4 21. Bg4 Qd8 22. Qxb7 Qxg5 23. Qd5 Qf4 24. Re1 Rad8 25. Qc6 d3 26. Rcd1 Bd4 27. Rf1 Be5 28. Kg2 d2 29. b4 Kg7 30. Rg1 Bd4 31. Rgf1 Bf6 32. Qa4 Rxe4 33. a3 Be5 34. Rh1 Rd3 35. Qxa7 Rg3+ 36. Kf1 Qxf2+ 37. Kxf2 Bd4+ 38. Kf1 Rf4+ 39. Bf3 Rfxf3+ 40. Ke2 Rf2# 0-1

[Event "Suwalki Warakomska Memorial-A op"]
[Site "Suwalki"]
[Date "2018.08.03"]
[Round "3"]
[White "Lewtak, Dominik"]
[Black "Oglaza, Oskar"]
[Result "1/2-1/2"]
[WhiteElo "2164"]
[BlackElo "2344"]
[PlyCount "105"]
[EventDate "2018.08.01"]
[EventType "swiss"]
[EventRounds "9"]
[EventCountry "POL"]
[SourceTitle "CBM 185 Extra"]
[Source "ChessBase"]
[SourceDate "2018.07.29"]
[SourceVersion "1"]
[SourceVersionDate "2018.07.29"]
[SourceQuality "1"]

1. Nf3 Nf6 2. g3 g6 3. Bg2 Bg7 4. 0-0 0-0 5. c4 d5 6. cxd5 Nxd5 7. Nc3 Nb6 8. d4 Nc6 9. d5 Na5 10. e4 Bd7 11. Nd4 c5 12. Nb3 Na4 13. Qc2 Nxc3 14. bxc3 Ba4 15. Qb2 Nc4 16. Qc2 Nd6 17. Qb2 Qb6 18. Rb1 Nb5 19. Bd2 Rac8 20. Rfc1 e6 21. Be3 exd5 22. exd5 Rfe8 23. h4 Qd6 24. Nd2 Qf6 25. Ne4 Rxe4 26. Bxe4 Nxc3 27. Rxc3 Qxc3 28. Qxb7 Re8 29. d6 Bf8 30. Bd5 Qf6 31. Bg5 Qf5 32. Bf4 Rd8 33. Be4 Qe6 34. Bd5 Qd7 35. Qa6 Qf5 36. Bxf7+ Qxf7 37. Qxa4 Bxd6 38. Bxd6 Rxd6 39. Qe4 Re6 40. Qa8+ Kg7 41. Qc8 Re5 42. Rd1 Kh6 43. Qd8 Qf3 44. Qd2+ Kh5 45. Re1 Rxe1+ 46. Qxe1 c4 47. Qe7 Kh6 48. Qd7 c3 49. Qe7 c2 50. Qg5+ Kg7 51. Qe5+ Kh6 52. Qg5+ Kg7 53. Qe5+ 1/2-1/2

[Event "Suwalki Warakomska Memorial-A op"]
[Site "Suwalki"]
[Date "2018.08.03"]
[Round "4"]
[White "Tihonov, Jurij"]
[Black "Lewtak, Dominik"]
[Result "1-0"]
[WhiteElo "2385"]
[BlackElo "2164"]
[PlyCount "83"]
[EventDate "2018.08.01"]
[EventType "swiss"]
[EventRounds "9"]
[EventCountry "POL"]
[SourceTitle "CBM 185 Extra"]
[Source "ChessBase"]
[SourceDate "2018.07.29"]
[SourceVersion "1"]
[SourceVersionDate "2018.07.29"]
[SourceQuality "1"]

1. Nf3 Nf6 2. c4 e6 3. Nc3 d5 4. e3 Nbd7 5. b3 c6 6. Bb2 Be7 7. g4 h6 8. Rg1 e5 9. cxd5 cxd5 10. h4 e4 11. g5 exf3 12. gxf6 Bxf6 13. Qxf3 Ne5 14. Bb5+ Kf8 15. Qf4 g5 16. hxg5 hxg5 17. Ba3+ Kg7 18. 0-0-0 Ng6 19. Qf3 Be6 20. Bb2 Rc8 21. Kb1 a6 22. Bf1 g4 23. Rxg4 Bxg4 24. Qxg4 b5 25. Bd3 Rh4 26. Qf5 b4 27. Nxd5 Bxb2 28. Kxb2 Rc5 29. Bc4 Rhxc4 30. bxc4 Rxc4 31. Rg1 Rc5 32. e4 Qa5 33. Qf6+ Kf8 34. Qd6+ Kg7 35. Kb1 b3 36. axb3 Qb5 37. Qf6+ Kf8 38. Qd6+ Kg7 39. Kb2 a5 40. Qf6+ Kf8 41. Rxg6 a4 42. Qe7# 1-0

[Event "Suwalki Warakomska Memorial-A op"]
[Site "Suwalki"]
[Date "2018.08.01"]
[Round "1"]
[White "Lewtak, Dominik"]
[Black "Matviishen, Viktor"]
[Result "0-1"]
[WhiteElo "2164"]
[BlackElo "2423"]
[PlyCount "88"]
[EventDate "2018.08.01"]
[EventType "swiss"]
[EventRounds "9"]
[EventCountry "POL"]
[SourceTitle "CBM 185 Extra"]
[Source "ChessBase"]
[SourceDate "2018.07.29"]
[SourceVersion "1"]
[SourceVersionDate "2018.07.29"]
[SourceQuality "1"]

1. c4 Nf6 2. Nc3 e6 3. Nf3 d5 4. d4 c6 5. e3 Nbd7 6. Bd3 Be7 7. 0-0 0-0 8. b3 b6 9. Bb2 Bb7 10. Qe2 c5 11. Rfd1 cxd4 12. exd4 Rc8 13. Rac1 dxc4 14. bxc4 Re8 15. Ne5 Nf8 16. h4 Ng6 17. g3 Qc7 18. Nb5 Qb8 19. h5 Nf8 20. Ng4 Nxg4 21. Qxg4 f5 22. Qe2 a6 23. Nc3 Bf6 24. Qe3 Ba8 25. Be2 Qb7 26. f3 Qf7 27. g4 fxg4 28. fxg4 Qb7 29. Qh3 Rcd8 30. d5 exd5 31. Bf3 Qe7 32. cxd5 Qb4 33. Qg2 Re3 34. Na4 Qxa4 35. Bxf6 gxf6 36. g5 f5 37. g6 hxg6 38. hxg6 Qf4 39. Rf1 Qh6 40. Kf2 Re7 41. Rfd1 Rd6 42. Rc8 Bb7 43. Qg3 Rxg6 44. Rxf8+ Kxf8 0-1

[Event "Katowice POL-HUN 6th"]
[Site "Katowice"]
[Date "2018.05.06"]
[Round "6"]
[White "Omelja, Artem"]
[Black "Lewtak, Dominik"]
[Result "1-0"]
[WhiteElo "2445"]
[BlackElo "2164"]
[PlyCount "67"]
[EventDate "2018.05.05"]
[EventType "swiss (rapid)"]
[EventRounds "9"]
[EventCountry "POL"]
[SourceTitle "CBM 184 Extra"]
[Source "ChessBase"]
[SourceDate "2018.06.28"]
[SourceVersion "1"]
[SourceVersionDate "2018.06.28"]
[SourceQuality "1"]

1. d4 d5 2. c4 c6 3. Nf3 Nf6 4. e3 e6 5. b3 Bb4+ 6. Nbd2 Nbd7 7. Bb2 0-0 8. Bd3 b6 9. 0-0 Bb7 10. e4 dxe4 11. Nxe4 Be7 12. Qe2 c5 13. Neg5 cxd4 14. Nxd4 Nc5 15. Bc2 h6 16. Ngxe6 Nxe6 17. Nxe6 fxe6 18. Qxe6+ Kh8 19. Rad1 Qe8 20. Qf5 Bc8 21. Qd3 Qd7 22. Qf3 Qb7 23. Qg3 Be6 24. Rfe1 Bg8 25. Rd4 Bb4 26. Red1 Bh7 27. Rd7 Qxd7 28. Rxd7 Rg8 29. Bxh7 Nxd7 30. Bxg8 Rxg8 31. Qg6 Nf8 32. Qxh6+ Nh7 33. Qg6 Bc5 34. g3 1-0

[Event "POL-ch rapid"]
[Site "Zgierz"]
[Date "2018.03.04"]
[Round "2"]
[White "Lewtak, Dominik"]
[Black "Tomczak, Mikolaj"]
[Result "0-1"]
[WhiteElo "2164"]
[BlackElo "2394"]
[PlyCount "76"]
[EventDate "2018.03.04"]
[EventType "swiss (rapid)"]
[EventRounds "9"]
[EventCountry "POL"]
[SourceTitle "CBM 183 Extra"]
[Source "ChessBase"]
[SourceDate "2018.04.19"]
[SourceVersion "1"]
[SourceVersionDate "2018.04.19"]
[SourceQuality "1"]

1. e4 c5 2. Nf3 e6 3. d4 cxd4 4. Nxd4 Nf6 5. Bd3 Nc6 6. Be3 e5 7. Nf5 d5 8. exd5 Nxd5 9. Be4 Be6 10. 0-0 g6 11. Bxd5 Qxd5 12. Qxd5 Bxd5 13. Ng3 Bg7 14. Nc3 Be6 15. Nge4 0-0 16. Rfd1 Nd4 17. Rac1 b6 18. Bxd4 exd4 19. Nb5 d3 20. cxd3 Bxb2 21. Rc2 Bg7 22. d4 Bd7 23. Ned6 Rfd8 24. Rcd2 Bf8 25. Nc7 Bxd6 26. Nxa8 Rxa8 27. Re2 Rc8 28. d5 f5 29. h4 Kf7 30. g3 Rc4 31. Rb2 b5 32. Rb3 a5 33. Re1 a4 34. Rd3 b4 35. h5 gxh5 36. Kg2 Rc2 37. a3 b3 38. Rh1 Kg6 0-1

[Event "Bialystok Zamenhof Memorial-B 36th"]
[Site "Bialystok"]
[Date "2017.12.30"]
[Round "8"]
[White "Ocytko, Andrzej"]
[Black "Lewtak, Dominik"]
[Result "0-1"]
[WhiteElo "2143"]
[BlackElo "2118"]
[PlyCount "70"]
[EventDate "2017.12.27"]
[EventType "swiss"]
[EventRounds "9"]
[EventCountry "POL"]
[SourceTitle "CBM 182 Extra"]
[Source "ChessBase"]
[SourceDate "2018.02.23"]
[SourceVersion "1"]
[SourceVersionDate "2018.02.23"]
[SourceQuality "1"]

1. e4 c5 2. Nf3 Nc6 3. Bb5 g6 4. Bxc6 bxc6 5. 0-0 Bg7 6. Re1 Nh6 7. c3 0-0 8. d4 cxd4 9. cxd4 d6 10. h3 f6 11. Nc3 e5 12. Be3 Nf7 13. Qa4 Bd7 14. Qc2 f5 15. dxe5 Nxe5 16. Nxe5 Bxe5 17. f4 Bg7 18. Rad1 fxe4 19. Rxd6 Qe7 20. Red1 Bf5 21. g4 Bc8 22. Kg2 Rb8 23. b3 Qh4 24. Bf2 Qe7 25. Qxe4 Qc7 26. Qc4+ Kh8 27. Bc5 Re8 28. Ne4 h6 29. Rxg6 Qxf4 30. Bd6 Qe3 31. Bxb8 Ba6 32. Qxc6 Bb5 33. Qxb5 Qxe4+ 34. Kh2 Qc2+ 35. Kg3 Re3+ 0-1

[Event "Bialystok Zamenhof Memorial-B 36th"]
[Site "Bialystok"]
[Date "2017.12.28"]
[Round "4"]
[White "Krzywda, Andrzej"]
[Black "Lewtak, Dominik"]
[Result "0-1"]
[WhiteElo "2171"]
[BlackElo "2118"]
[PlyCount "112"]
[EventDate "2017.12.27"]
[EventType "swiss"]
[EventRounds "9"]
[EventCountry "POL"]
[SourceTitle "CBM 182 Extra"]
[Source "ChessBase"]
[SourceDate "2018.02.23"]
[SourceVersion "1"]
[SourceVersionDate "2018.02.23"]
[SourceQuality "1"]

1. e4 c5 2. Nf3 Nc6 3. d4 cxd4 4. Nxd4 Nf6 5. Nc3 e5 6. Ndb5 d6 7. Nd5 Nxd5 8. exd5 Nb8 9. c4 Nd7 10. Be2 Be7 11. 0-0 0-0 12. Kh1 a6 13. Nc3 Bg5 14. b4 b6 15. Qb3 Bxc1 16. Raxc1 f5 17. Rfd1 e4 18. Na4 Rb8 19. Qe3 Qe8 20. Qd4 f4 21. Bg4 Ne5 22. Bxc8 Qxa4 23. Be6+ Kh8 24. Qd2 Nd3 25. Rb1 f3 26. g3 a5 27. bxa5 bxa5 28. Kg1 Qxc4 29. Rxb8 Rxb8 30. Qxa5 Qd4 31. Qd2 Rb2 32. Qe3 Qxe3 33. fxe3 Rg2+ 34. Kf1 Rxh2 35. Kg1 Rxa2 36. Bf5 Nc5 37. Rd4 Ra1+ 38. Kf2 Nd3+ 39. Rxd3 exd3 40. Bxd3 g5 41. g4 Kg7 42. Be4 h6 43. Kxf3 Kf6 44. Bh7 Ke5 45. Bg8 Rf1+ 46. Ke2 Rf8 47. Be6 Ke4 48. Kd2 Rb8 49. Bf5+ Kxd5 50. Kc3 Ke5 51. e4 Rb1 52. Kd2 Rf1 53. Ke3 Rf4 54. Kd3 d5 55. exd5 Rxf5 56. gxf5 Kxd5 0-1

[Event "Wroclaw Anderssen Memorial"]
[Site "Wroclaw"]
[Date "2017.12.02"]
[Round "6"]
[White "Lewtak, Dominik"]
[Black "Weichhold, Pawel"]
[Result "0-1"]
[WhiteElo "2118"]
[BlackElo "2421"]
[PlyCount "94"]
[EventDate "2017.12.02"]
[EventType "swiss (rapid)"]
[EventRounds "13"]
[EventCountry "POL"]
[SourceTitle "CBM 181 Extra"]
[Source "ChessBase"]
[SourceDate "2017.12.12"]
[SourceVersion "1"]
[SourceVersionDate "2017.12.12"]
[SourceQuality "1"]

1. e4 c5 2. Nf3 Nc6 3. d4 cxd4 4. Nxd4 g6 5. Be3 Bg7 6. Nc3 Nf6 7. Be2 0-0 8. 0-0 d5 9. exd5 Nb4 10. Nb3 Nbxd5 11. Bd4 Nxc3 12. Bxc3 Bf5 13. Nd4 Be4 14. Bf3 e5 15. Nb5 Qb6 16. a4 Rad8 17. Qe2 Bxf3 18. Qxf3 Nd5 19. Rad1 Nxc3 20. Qxc3 a6 21. Na3 e4 22. Nc4 Bxc3 23. Nxb6 Bxb2 24. Nd7 Rfe8 25. Nc5 Rc8 26. Nxb7 Rxc2 27. Rd6 e3 28. fxe3 Rxe3 29. Rd8+ Kg7 30. Rd7 Ree2 31. Rfxf7+ Kh6 32. Rxh7+ Kg5 33. Rd5+ Be5 34. Kf1 Rf2+ 35. Kg1 Rxg2+ 36. Kf1 Kf6 37. Rh3 Rgf2+ 38. Ke1 Rce2+ 39. Kd1 Rb2 40. Ke1 Rfe2+ 41. Kf1 Rf2+ 42. Ke1 Bc7 43. Rc3 Bxh2 44. Rc6+ Kg7 45. Rg5 Rf6 46. Rc7+ Kh6 47. Rg4 Bxc7 0-1

[Event "POL-chT U19 46th"]
[Site "Ustron"]
[Date "2015.07.30"]
[Round "6.1"]
[White "Lewtak, Dominik"]
[Black "Marczuk, Dominik"]
[Result "0-1"]
[WhiteElo "2151"]
[BlackElo "2184"]
[PlyCount "134"]
[EventDate "2015.07.25"]
[EventType "team-tourn"]
[EventRounds "9"]
[EventCountry "POL"]
[SourceTitle "EXT 2018"]
[Source "ChessBase"]
[SourceDate "2017.10.13"]
[SourceVersion "1"]
[SourceVersionDate "2017.10.13"]
[SourceQuality "1"]
[WhiteTeam "Czarna LKSz GCKiP U19"]
[BlackTeam "Krakow KKSz U19"]
[WhiteTeamCountry "POL"]
[BlackTeamCountry "POL"]

1. c4 e5 2. Nc3 Nf6 3. g3 c6 4. d4 exd4 5. Qxd4 d5 6. cxd5 cxd5 7. e3 Nc6 8. Qd1 Bg4 9. Be2 Bf5 10. Bd3 Qd7 11. Bxf5 Qxf5 12. Qf3 Qe6 13. Nge2 Ne5 14. Qg2 Nd3+ 15. Kf1 Bb4 16. Qf3 Ne4 17. Nf4 Nxf4 18. exf4 Bxc3 19. bxc3 Rc8 20. f5 Qe5 21. Be3 Rxc3 22. Rd1 0-0 23. Kg2 Rfc8 24. Rhe1 h6 25. h4 R8c4 26. Re2 Kh7 27. Qf4 Qxf4 28. gxf4 Ra3 29. Rb2 Nc3 30. Rd3 b6 31. Bd2 d4 32. h5 b5 33. Bxc3 Raxc3 34. Rbd2 Rxd3 35. Rxd3 a5 36. Kf1 Kg8 37. a3 Kf8 38. Rb3 b4 39. axb4 Rxb4 40. Rg3 a4 41. Ke2 Rb3 42. Rg1 a3 43. Rc1 a2 44. Rc8+ Ke7 45. Ra8 Rb2+ 46. Kd3 Kf6 47. Ra5 Rxf2 48. Ke4 Re2+ 49. Kxd4 Re1 50. Rxa2 Kxf5 51. Ra7 Kf6 52. Ra6+ Re6 53. Ra5 Re7 54. Rb5 g6 55. Ra5 g5 56. fxg5+ hxg5 57. Ra6+ Kg7 58. h6+ Kh7 59. Rf6 Re6 60. Rxf7+ Kxh6 61. Rf1 g4 62. Rf5 g3 63. Kd5 Rg6 64. Rf1 g2 65. Rg1 Kh5 66. Ke4 Kh4 67. Kf3 Kh3 0-1

[Event "Lazy op 11th"]
[Site "Lazy"]
[Date "2015.07.07"]
[Round "9"]
[White "Mulet, Piotr"]
[Black "Lewtak, Dominik"]
[Result "1-0"]
[WhiteElo "2220"]
[BlackElo "2153"]
[PlyCount "97"]
[EventDate "2015.06.28"]
[EventType "swiss"]
[EventRounds "9"]
[EventCountry "POL"]
[SourceTitle "CBM 167 Extra"]
[Source "ChessBase"]
[SourceDate "2015.09.14"]
[SourceVersion "1"]
[SourceVersionDate "2015.09.14"]
[SourceQuality "1"]

1. c4 e5 2. Nc3 Nf6 3. g3 Nc6 4. Bg2 Bc5 5. d3 0-0 6. Nf3 d6 7. 0-0 h6 8. Na4 Re8 9. Nd2 Bb6 10. a3 Bf5 11. Nb3 Qc8 12. Nxb6 axb6 13. e4 Bh3 14. Be3 Bxg2 15. Kxg2 Ng4 16. h3 Nxe3+ 17. fxe3 Rf8 18. Qh5 Qe6 19. Rf2 b5 20. Nd2 bxc4 21. dxc4 Na5 22. Rc1 b6 23. Qf3 c6 24. g4 Rad8 25. b4 Nb7 26. h4 Ra8 27. Rc3 Nd8 28. Nf1 Qe7 29. Kh3 Ra4 30. Qd1 Qa7 31. Qxd6 Rxa3 32. Qxe5 Ra2 33. Rcc2 Rxc2 34. Rxc2 Ne6 35. Rd2 Qa3 36. Qb2 Qa6 37. Qa2 Qc8 38. Ng3 g6 39. Qa7 h5 40. Qd7 hxg4+ 41. Kxg4 Qa8 42. Rf2 Qa3 43. Rf3 c5 44. h5 gxh5+ 45. Nxh5 Qa2 46. Qd5 Qb2 47. Nf6+ Kg7 48. Qf5 Rd8 49. Ne8+ 1-0

[Event "Lazy op 11th"]
[Site "Lazy"]
[Date "2015.07.01"]
[Round "4"]
[White "Lewtak, Dominik"]
[Black "Sliwicki, Damian"]
[Result "0-1"]
[WhiteElo "2153"]
[BlackElo "2100"]
[PlyCount "114"]
[EventDate "2015.06.28"]
[EventType "swiss"]
[EventRounds "9"]
[EventCountry "POL"]
[SourceTitle "CBM 167 Extra"]
[Source "ChessBase"]
[SourceDate "2015.09.14"]
[SourceVersion "1"]
[SourceVersionDate "2015.09.14"]
[SourceQuality "1"]

1. e4 e5 2. Nf3 Nf6 3. Nxe5 d6 4. Nf3 Nxe4 5. d4 d5 6. Bd3 Nc6 7. 0-0 Be7 8. Re1 Bg4 9. Be3 0-0 10. c4 Nb4 11. Be2 dxc4 12. Bxc4 Ng5 13. Bxg5 Bxg5 14. Qb3 Bxf3 15. Qxb4 Bc6 16. Nc3 b6 17. Rad1 Bb7 18. Qb5 a6 19. Qf5 g6 20. Qg4 h5 21. Qg3 Kg7 22. Ne4 Bxe4 23. Rxe4 Bf6 24. Qf3 Qd7 25. Rf4 Qd6 26. h3 b5 27. Bb3 Rae8 28. Rc1 Qe7 29. Rc3 b4 30. Rd3 Qd6 31. Re4 Rxe4 32. Qxe4 Rd8 33. Bc4 a5 34. Qf3 Rd7 35. Bb5 Re7 36. Qd1 Re4 37. b3 Bxd4 38. Qf1 Qc5 39. Rd2 Rf4 40. Bc4 Rf6 41. Qe1 Bc3 42. Qe2 Bxd2 43. Qxd2 Qd6 44. Qe3 Qf4 45. Qc5 Qf5 46. Qd4 Qb1+ 47. Bf1 Qc1 48. g3 Qc3 49. Qa7 Qe5 50. Qa8 Qf5 51. Qg2 Qf3 52. Qh2 Rd6 53. h4 Rd2 54. Qg2 Qxg2+ 55. Kxg2 Rxa2 56. Bc4 Rc2 57. Bd5 c6 0-1

[Event "POL-ch U18"]
[Site "Karpacz"]
[Date "2015.03.21"]
[Round "8"]
[White "Lewtak, Dominik"]
[Black "Kanicki, Krzysztof"]
[Result "1-0"]
[WhiteElo "2123"]
[BlackElo "2048"]
[PlyCount "95"]
[EventDate "2015.03.15"]
[EventType "swiss"]
[EventRounds "9"]
[EventCountry "POL"]
[SourceTitle "EXT 2017"]
[Source "ChessBase"]
[SourceDate "2016.10.25"]
[SourceVersion "1"]
[SourceVersionDate "2016.10.25"]
[SourceQuality "1"]

1. e4 c5 2. Nf3 Nc6 3. d4 cxd4 4. Nxd4 Nf6 5. Nc3 d6 6. Bg5 e6 7. Qd2 Be7 8. 0-0-0 0-0 9. f4 h6 10. Bxf6 Bxf6 11. Nb3 Be7 12. Kb1 a6 13. g4 b5 14. Rg1 b4 15. Ne2 e5 16. g5 hxg5 17. fxg5 g6 18. h4 a5 19. h5 a4 20. Nbc1 Be6 21. Rg3 Qd7 22. Qe3 b3 23. cxb3 axb3 24. a3 d5 25. exd5 Bf5+ 26. Nd3 Qxd5 27. Bh3 Bc5 28. Qc1 Bxh3 29. Rxh3 Bd4 30. hxg6 fxg6 31. Rdh1 Kf7 32. Nxd4 Nxd4 33. Qc7+ Ke6 34. Re1 Nc6 35. Qg7 Qg2 36. Qxg6+ Kd5 37. Nb4+ Nxb4 38. Rd1+ Kc4 39. Rc3+ Kb5 40. Rxb3 Ra4 41. Qd3+ Ka5 42. Rxb4 Rxb4 43. axb4+ Ka4 44. Qa3+ Kb5 45. Qa5+ Kc4 46. Qc5+ Kb3 47. Rd3+ Ka4 48. Qa5# 1-0